000 00937nam a2200229Ii 4500
003 JO-AjNU
008 230605s9999||||xx |||||||||||||| ||und||
017 _a2020/12/5267
020 _a978-9923-28-084-3
040 _aJO-AjNU
_bara
_erda
_cJO-AjNU
041 _aara
050 1 4 _aLB1028.3.A233.2022
100 3 _aعباس، اميرة ابراهيم,
_eauthor
_961514
245 0 0 _aالتقنيات التربوية والتعليمية ورؤى معاصرة لتقنيات التعليم السمعية
250 _aالطبعة الاولى
264 3 1 _aعمان: دار صفاء للنشر والتوزيع، 2022
300 _a240ص
_b ويحتوي على قائمة مراجع من ص235-ص240
336 _atext
_btxt
_2rdacontent
337 _aunmediated
_bn
_2rdamedia
338 _avolume
_bnc
_2rdacarrier
650 4 _aتكنولوجيا التعليم-تقنيات التعليم-اساليب التدريس
_961515
999 _aA27809
_c31377
_d31377